Pharmaceutical Analysis-1 (Record no. 8901)

MARC details
000 -LEADER
fixed length control field 00404nam a22001577a 4500
003 - CONTROL NUMBER IDENTIFIER
control field OSt
008 - FIXED-LENGTH DATA ELEMENTS--GENERAL INFORMATION
fixed length control field 200713b ||||| |||| 00| 0 eng d
022 ## - INTERNATIONAL STANDARD SERIAL NUMBER
International Standard Serial Number 9788185731896
100 ## - MAIN ENTRY--PERSONAL NAME
Personal name Kamboj , P.C.
245 ## - TITLE STATEMENT
Title Pharmaceutical Analysis-1
250 ## - EDITION STATEMENT
Edition statement 2019
260 ## - PUBLICATION, DISTRIBUTION, ETC. (IMPRINT)
Place of publication, distribution, etc New Delhi
Name of publisher, distributor, etc Vallabh Publication
300 ## - PHYSICAL DESCRIPTION
Extent Pg-706
650 ## - SUBJECT ADDED ENTRY--TOPICAL TERM
Topical term or geographic name as entry element Pharmaceutical Analysis and Quality Assurance
942 ## - ADDED ENTRY ELEMENTS (KOHA)
Source of classification or shelving scheme Dewey Decimal Classification
Koha item type Text Books
942 ## - ADDED ENTRY ELEMENTS (KOHA)
-- 5
Holdings
Withdrawn status Lost status Source of classification or shelving scheme Damaged status Not for loan Collection code Home library Current library Date acquired Source of acquisition Currency Cost, normal purchase price Bill Number Total Checkouts Full call number Acc. no. / Barcode Date last seen Date last borrowed Actual Cost, discounted price Bill Date Koha item type
    Dewey Decimal Classification     B.Pharma PIET C-LIBRARY PIET C-LIBRARY 01/02/2020 Kirti Prakashan Indian Rup 420.00 IN6239 1 615.1901 KAP BP813 14/04/2023 27/12/2022 344.40 01/02/2020 Text Books
    Dewey Decimal Classification     B.Pharma PIET C-LIBRARY PIET C-LIBRARY 01/02/2020 Kirti Prakashan Indian Rup 420.00 IN6239 6 615.1901 KAP BP814 06/01/2025 23/10/2024 344.40 01/02/2020 Text Books
    Dewey Decimal Classification     B.Pharma PIET C-LIBRARY PIET C-LIBRARY 01/02/2020 Kirti Prakashan Indian Rup 420.00 IN6239   615.1901 KAP BP815 13/07/2020   344.40 01/02/2020 Text Books

Design & Developed by: PIET Central Library
R70 Miles Stone Pattikalyana Samalkha Panipat 132102
mail ID :- [email protected], Phone No:- 0180-2569700 Ex.216